| 000 | 00632nam a22002417a 4500 | ||
|---|---|---|---|
| 999 |
_c5734 _d5734 |
||
| 001 | 5734 | ||
| 003 | BD-JhCC | ||
| 005 | 20180102181326.0 | ||
| 008 | 171220s1964 -ukao||| |||| 00| 0 eng d | ||
| 035 | _a(BD-JhCC)5734 | ||
| 040 |
_aBD-JhCC _dBD-JhCC |
||
| 041 | _aeng | ||
| 082 |
_a622 _bHUN 1964 |
||
| 100 | _aHunter, Leslie | ||
| 245 |
_aScience in industry Coal / _cLeslie Hunter |
||
| 260 |
_aLondon : _bG Tinling & Co. Ltd. , _c1964 . |
||
| 300 |
_a96 p. : _bill. ; _c21.5 cm |
||
| 490 | _aScience In Industry | ||
| 504 | _aIncludes Illustration. | ||
| 650 | _aCoal Mines and Mining | ||
| 942 |
_2ddc _cBK |
||